000 00312nam a2200121Ia 4500
008 191014s9999 xx 000 0 und d
082 _a530.12
_bHAA
100 _aD.Ter Haar
_920283
245 0 _aProblems In Quantum Mechanics
260 _aLondon
_bInfosearch Limited
_c1960
300 _aPeg,394
942 _cBK
999 _c530853
_d530853